00726nam a2200217 a 4500001001000000003000400010005001700014008004100031020001800072040002500090082002100115100002900136245010700165250001200272260003600284300002800320500007300348504003300421650002700454650002700481000037890OSt20201111141949.0130308s2012 dr a 001 0 spa d a9789945460575 aDO-SdBNPbspacBNPHU a465bM971L, 20121 aMuñoz, Orlando,d1972-13aLa lengua en movimiento :bmanual de teoría y ejercicios de la lengua española /cOrlando Muñoz. a2ª ed. aSanto Domingo :bBúho,c2012. a410 p. :bil. ;c24 cm. aIncluye datos biográficos del autor en las solapas de la cubierta. aBibliografía : p. 407-410. 4aEspañolxEnseñanza 4aEspañolxGramática